Responses for show #4341 - Monday, June 16, 2003

John Beck game 2.

Contestants

Becky Hudson, an administrative support person originally from Sioux Falls, South Dakota

Tom Lucero, a lawyer from Glendale, California

John Beck, a copywriter from Torrance, California (whose 1-day cash winnings total $31,200)

Jeopardy! Round responses

1960s AMERICA
AN APPLE A DAY
GEOMETRY
THE REEL WORLD
(Alex: You have to identify the movie that gave us each quotation I will give you.)
ANNUAL EVENTS
LET'S "SPLIT"
    $200 21
Ballots

Tom
    $200 26
crabapples

John
    $200 16
(Tom: What is the radius?)

tangent

TomBecky
    $200 1
Mary Poppins

John
    $200 11
St. Patrick's Day

John
    $200 6
split-level

John
    $400 22
(John: What is Soho?)

Greenwich Village

JohnBecky
    $400 27
New York

John
    $400 17
bisect it

John
    $400 2
(Becky: What is...I lost it.)

The Shining

JohnBecky
    $400 12
kimono

Becky
    $400 7
the Banana Splits

John
    $600 23
Peace Corps

John
    $600 28
Rome

John
    $600 18
cylinder

Becky
    $600 3
The Silence of the Lambs

John
    $600 13
(John: What is Presidents Day?)
(Becky: What is Groundhogs Day?)

Valentine's Day

JohnBecky
Triple Stumper
    $600 8
stock split

John
    $800 24
credibility gap

Triple Stumper
    $800 29
(Tom: What is the Red Delicious?)

Jonathan

JohnTom
    $800 19
(John: Who is Pascal?)
(Tom: Who is...Cart...Cart [time]?)

Rene Descartes

JohnTomBecky
    $800 4
The Sixth Sense

John
    $800 14
Flag Day

Triple Stumper
    $800 9
splitsville

Becky
    $1000 25
(Alex: With about a minute to go.)

Gemini

Tom
    $2,400 30
(John: What is the Pippin?)

Granny Smith

John
    $1000 20
median

John
    $1000 5
(Alex: Hey, you've been to the movies a lot in the last few years, & it has paid off handsomely!)

The Usual Suspects

John
    $1000 15
(Tom: What is Easter?)

Pentecost

TomBecky
    $1000 10
split ends

John

Scores at the first commercial break (after clue 15):

John Tom Becky
$4,800 -$1,000 $1,200

Scores at the end of the Jeopardy! Round:

John Tom Becky
$5,200 -$1,600 $3,200

Double Jeopardy! Round responses

THE NORTHERNMOST CAPITAL CITY
(Alex: From the list we will give you.)
MUSICIANS
BORN THE SAME DAY
LADIES OF LITERATURE
ON THE FLAG
DOUBLE-LETTER WORDS
    $400 11
Warsaw

Becky
    $400 13
The Dixie Chicks

John
    $400 21
Popeye

Tom
    $400 1
Frankenstein

John
    $400 26
the Koran

Tom
    $400 6
rummage

John
    $800 12
Algiers

John
    $800 17
Kevin Eubanks

John
    $800 22
(John: Who is Peter Ustinov?)

Albert Finney

John
Triple Stumper
    $800 2
Ma

Becky
    $800 27
stripes

John
    $800 7
(Becky: What is bubbly?)
....
(Alex: That's an adjective, not a noun, but we'll accept it.)

fizz

Becky
    $1200 14
Beijing

John
    $1200 18
John Williams

John
    $1200 23
(Alex: About a minute to go now, Tom.)

Robert Peary

Triple Stumper
    $1200 3
"For Whom the Bell Tolls"

Tom
    $1200 28
Cuba

John
    $2,000 8
(Becky: I'm sorry, I'm not sure.)

Morocco

Becky
    $1600 15
Ankara

Tom
    $1600 19
Dr. John

John
    $2,000 24
(Tom: Who is James Newman?)

James Hoffa

Tom
    $1600 4
(Tom: Who is Cyrano de Bergerac?)

Roxanne

Tom
Triple Stumper
    $1600 29
[buzzer sounds to end round]

Vatican City

John
    $1600 9
coattails

John
    $2000 16
(John: What is Brussels?)

Berlin

JohnTom
    $2000 20
(John: Who is Nelson Riddle?)

Neal Hefti

John
Triple Stumper
    $2000 25
Patrice Lumumba

Triple Stumper
    $2000 5
"Remembrance of Things Past"

John
    $2000 10
Baccalaureate

Becky

Scores at the end of the Double Jeopardy! Round:

John Tom Becky
$14,400 $400 $5,200
(lock game)

[wagering suggestions for these scores]

Final Jeopardy! Round responses

BUSINESS BIGGIES
TomWhat is Nabisco
$400
BeckyWhat is Nabisco?
$2,000
JohnWhat is Nabisco?
$3,000
Nabisco (it went from R.J. Reynolds to Philip Morris)

Final scores:

John Tom Becky
$17,400 $800 $7,200
2-day champion: $48,600 3rd place: $1,000 2nd place: $2,000

Game dynamics:

Coryat scores:

John Tom Becky
$16,800 $2,400 $7,200
30 R,
7 W
(including 1 DD)
7 R,
6 W
(including 1 DD)
11 R,
3 W
(including 1 DD)

Combined Coryat: $26,400

The J! Archive is created by fans, for fans. The Jeopardy! game show and all elements thereof, including but not limited to copyright and trademark thereto, are the property of Jeopardy Productions, Inc. and are protected under law. This website is not affiliated with, sponsored by, or operated by Jeopardy Productions, Inc. Join the discussion at JBoard.tv.